Ekonomia wczoraj, dziś i jutro

Uložené v:
Podrobná bibliografia
Ďalší autori: Bludnik, Izabela, Ratajczak, Marek, Wallusch, Jacek
Médium: Kniha
Jazyk:Polish
English
Vydavateľské údaje: Poznań Wydawnictwo Uniwersytetu Ekonomicznego w Poznaniu 2011
Edícia:Zeszyty naukowe 190
Predmet:
Tagy: Pridať tag
Žiadne tagy, Buďte prvý, kto otaguje tento záznam!

MARC

LEADER 00000nam a2200000 4500
001 0143532
005 20240109073626.4
020 |a 978-83-7417-610-1 
022 |a 1689-7374 
041 0 |a pol 
041 0 |a eng 
044 |a PL 
245 1 0 |a Ekonomia  |b wczoraj, dziś i jutro  |c redaktorzy naukowi Izabela Bludnik, Marek Ratajczak, Jacek Wallusch 
264 1 |a Poznań  |b Wydawnictwo Uniwersytetu Ekonomicznego w Poznaniu  |c 2011 
300 |a 448 s. 
490 1 |a Zeszyty naukowe  |v 190 
830 0 |a Zeszyty naukowe  |v 190 
610 2 0 |a politika hospodárska 
610 2 0 |a riadenie hospodárske 
610 2 0 |a teórie ekonomické 
610 2 0 |a podnikanie 
610 2 0 |a politika poľnohospodárska 
610 2 0 |a Európska únia 
610 2 0 |a politika peňažná 
610 2 0 |a inflácia 
610 2 0 |a kríza finančná 
610 2 0 |a trh finančný 
610 2 0 |a financie verejné 
610 2 0 |a Poľsko 
700 1 |a Bludnik, Izabela 
700 1 |a Ratajczak, Marek 
700 1 |a Wallusch, Jacek